| 000 | 00702nam a2200229Ia 4500 | ||
|---|---|---|---|
| 005 | 20230708110424.0 | ||
| 008 | 210716s1998 xx 000 0 und d | ||
| 020 | _a8187105763 | ||
| 040 | _cAIMIT LIBRARY | ||
| 041 | _aeng | ||
| 082 |
_a004.6061 _21 _bMARC |
||
| 100 |
_aMarrin, Chris. _9126045 |
||
| 245 |
_aTeach yourself VRML 2 in 21 days / _cBy Chris Marrin and Bruce Campbell. |
||
| 250 | _a1st ed. | ||
| 260 |
_aNew Delhi : _bTechmedia , _c1998. |
||
| 300 |
_axviii,479p. ; _bPB _c23.4 cm. |
||
| 650 |
_aBuilding complex objects _9126046 |
||
| 650 |
_aPrototyping _9126047 |
||
| 650 |
_aUsing lights _9126048 |
||
| 700 |
_aCampbell, Bruce. _9126049 |
||
| 942 |
_2ddc _cBK _e1st _k004.6061 MARC |
||
| 999 |
_c183404 _d183404 |
||